00625nam a2200205Ia 4500003000400000005001700004008004100021040001800062041000800080082001900088100001800107245006700125250001200192260004300204300002600247650003500273650001600308650005800324650003700382OSt20250930091547.0210716s1993 xx 000 0 und d cAIMIT LIBRARY aeng a005.756 bOCCV aOccardi, Val. aRelational databases: btheory and practice /cBy Val Occardi. a1st ed. aNew Delhi :bBPB Publications ,c1993. a304 p.;bPBc22.5 cm. aInformation and storage basics aData models aIntroduction to modern methods of analysis and design aIntroduction to the sql language